000 00237nam a2200097Ia 4500
008 230508s2005 xx 000 0 und d
041 _aeng
100 _aSEDHA.R.S.
245 _aT.B.OF APPLIED ELECTRONICS
260 _bS. CHAND.& CO.
_c2005
999 _c733754
_d733754